Smart Structures : (Record no. 11603)
[ view plain ]
| 000 -LEADER | |
|---|---|
| fixed length control field | 01091cam a2200289 a 4500 |
| 001 - CONTROL NUMBER | |
| control field | 14977259 |
| 005 - DATE AND TIME OF LATEST TRANSACTION | |
| control field | 20160811120205.0 |
| 008 - FIXED-LENGTH DATA ELEMENTS--GENERAL INFORMATION | |
| fixed length control field | 070823s2008 flua b 001 0 eng |
| 010 ## - LIBRARY OF CONGRESS CONTROL NUMBER | |
| LC control number | 2007035134 |
| 020 ## - INTERNATIONAL STANDARD BOOK NUMBER | |
| International Standard Book Number | 9780849385322 (hardcover : alk. paper) |
| 020 ## - INTERNATIONAL STANDARD BOOK NUMBER | |
| International Standard Book Number | 0849385326 (hardcover : alk. paper) |
| 040 ## - CATALOGING SOURCE | |
| Original cataloging agency | DLC |
| Transcribing agency | DLC |
| Modifying agency | DLC |
| 050 00 - LIBRARY OF CONGRESS CALL NUMBER | |
| Classification number | TA658.44 |
| Item number | .C44 2008 |
| 082 00 - DEWEY DECIMAL CLASSIFICATION NUMBER | |
| Classification number | 624.1762 |
| Edition number | 22 |
| Item number | CHE |
| 100 1# - MAIN ENTRY--PERSONAL NAME | |
| Personal name | Cheng, Franklin Y. |
| 9 (RLIN) | 5068 |
| 245 10 - TITLE STATEMENT | |
| Title | Smart Structures : |
| Remainder of title | Innovative Systems for Seismic Response Control / |
| Statement of responsibility, etc | Franklin Y. Cheng, Hongping Jiang, and Kangyu Lou. |
| 260 ## - PUBLICATION, DISTRIBUTION, ETC. (IMPRINT) | |
| Place of publication, distribution, etc | Boca Raton : |
| Name of publisher, distributor, etc | CRC Press/Taylor & Francis Group, |
| Date of publication, distribution, etc | c2008. |
| 300 ## - PHYSICAL DESCRIPTION | |
| Extent | xviii, 652 p. : |
| Other physical details | ill. ; |
| Dimensions | 24 cm. |
| 504 ## - BIBLIOGRAPHY, ETC. NOTE | |
| Bibliography, etc | Includes bibliographical references and index. |
| 650 #0 - SUBJECT ADDED ENTRY--TOPICAL TERM | |
| Topical term or geographic name as entry element | Smart structures. |
| 9 (RLIN) | 5070 |
| 650 #0 - SUBJECT ADDED ENTRY--TOPICAL TERM | |
| Topical term or geographic name as entry element | Smart materials. |
| 9 (RLIN) | 5071 |
| 650 #0 - SUBJECT ADDED ENTRY--TOPICAL TERM | |
| 9 (RLIN) | 5069 |
| Topical term or geographic name as entry element | Earthquake resistant design |
| 700 1# - ADDED ENTRY--PERSONAL NAME | |
| Personal name | Jiang, Hongping. |
| 9 (RLIN) | 5072 |
| 700 1# - ADDED ENTRY--PERSONAL NAME | |
| Personal name | Lou, Kangyu. |
| 9 (RLIN) | 5073 |
| 942 ## - ADDED ENTRY ELEMENTS (KOHA) | |
| Source of classification or shelving scheme | Dewey Decimal Classification |
| Item type | Book - Borrowing |
| Withdrawn status | Item status | Source of classification or shelving scheme | Damaged status | Not for loan | Vendor | Home library | Current library | Shelving location | Date acquired | Source of acquisition | Cost, normal purchase price | Serial Enumeration / chronology | Total Checkouts | Total Renewals | Full call number | Barcode | Date last seen | Date last borrowed | Koha item type |
|---|---|---|---|---|---|---|---|---|---|---|---|---|---|---|---|---|---|---|---|
| Dewey Decimal Classification | Alahram | Central Library | Central Library | First floor | 25/05/2009 | 734.50 | 360 | 5 | 89 | 624.1762 CHE | 000016211 | 15/07/2025 | 29/10/2016 | Book - Borrowing |